000 01461nam0a2200277 4500
001 RU\NLR\b_ik\192670
005 20250616231154.0
035 _a(NLR Aleph) 002265108
090 _a3872978
_c3872978
100 _a20111201d2011 |||y0rusy50 ca
101 0 _aeng
102 _aRU
105 _aa |||||||||
200 1 _aInsights into scientific research in the sphere of tourism
_eучебное пособие
_fKazantseva Е.A.
_gМ-во образования и науки Рос. Федерации, Гос. образоват. учреждение высш. проф. образования Уфимская гос. акад. экономики и сервиса
210 _aУфа
_cУфимская государственная академия экономики и сервиса
_d2011
215 _a92 с.
_cил.
_d21
300 _aВ вып. дан.: Казанцева Елена Анатольевна
320 _aБиблиогр.: с. 81 (16 назв.)
541 0 _aВзгляд на научные исследования в сфере туризма
_zrus
606 1 _aАнглийский язык
_xУчебные издания для специалистов в области туризма
_92400125
_3RU\NLR\AUTH\661430737
686 1 _aШ143.21-93рус329.53
700 1 _aKazanceva
_bE. A.
_gElena Anatol'evna
_4070
801 0 _aRU
_bNLR
_c20111201
_gRCR
942 _cBOOK
980 _aNB